Shaping the Local Economy Current Perspectives on Economic Development

Salvato in:
Dettagli Bibliografici
Altri autori: Farr, Cheryl A.
Natura: Libro
Lingua:inglese
Pubblicazione: Washington International City Management Association [1984]
Edizione:1. ed.
Serie:Practical Management Series
Soggetti:
Tags: Aggiungi Tag
Nessun Tag, puoi essere il primo ad aggiungerne!!

MARC

LEADER 00000nam a2200000 4500
001 c020234
005 20240111123346.9
020 |a 0-87326-034-1 
041 0 |a eng 
044 |a US 
245 1 0 |a Shaping the Local Economy  |b Current Perspectives on Economic Development  |c Edit. Cheryl A. Farr 
250 |a 1. ed. 
264 1 |a Washington  |b International City Management Association  |c [1984] 
300 |a 182 s. 
490 1 |a Practical Management Series 
830 0 |a Practical Management Series 
610 2 0 |a hospodárstvo komunálne 
610 2 0 |a hospodárstvo miestne 
610 2 0 |a propagácia 
610 2 0 |a priemysel 
610 2 0 |a podpora podnikania 
610 2 0 |a USA 
700 1 |a Farr, Cheryl A.